00628nam a2200205Ia 4500003000900000008004100009040001300050040001300063041000800076100001800084245005300102250001000155260001300165260000900178300001000187490000600197942000700203999001700210952019500227IT-RoPAU120407s9999 xx 000 0 und d aIT-RoPAU cIT-RoPAU aita aAlbert Clamer aLa sainte Bible. (direz. Pirot). T. 1, 2, e 4. aParis aLetouzey c1946 c22 cm v1 cBK c18451d18451 00102ddc406220_41000000000000071aPAULUSbPAULUSd2012-04-11l0o220.41r2012-04-11 00:00:00w2012-04-11yBKzInserito da: Anna In data: 14 luglio 2011 fondo: Via A.Severo 56 Progr:21557